| 000 | 00900nam a2200253Ia 4500 | ||
|---|---|---|---|
| 003 | OSt | ||
| 005 | 20220923225221.0 | ||
| 006 | a|||||r|||| 00| 0 | ||
| 007 | ta | ||
| 008 | Pun | ||
| 020 | _c150 | ||
| 024 | _a260,426 | ||
| 037 |
_b547, 02/12/2011, H.K. Prakashan _cTextual |
||
| 040 |
_aARTS _cARTS _bPun |
||
| 041 |
_2Pun _aPun |
||
| 082 | _aO153,3N53:g, P6 | ||
| 100 |
_aਨਸਰਾਲੀ, ਬਲਜਿੰਦਰ _9156271 |
||
| 245 | 0 | _aਕਰਮਜੀਤ ਸਿੰਘ ਕੁੱਸਾ ਦੇ ਨਾਵਲਾਂ ਦਾ ਸਭਿਆਚਾਰ Fਾਸਤਰ | |
| 260 |
_aਪਟਿਆਲਾ _b ਪਹਿਲੀ ਸਤਾਬਦੀ ਪ੍ਰਕਾFਨ _c2006 |
||
| 300 |
_a132ਪੰ _ccm. |
||
| 650 | _aਪੰਜਾਬੀ ਸਾਹਿਤ | ||
| 942 |
_hO153,3N53:g, P6 _cTEXL _2CC |
||
| 999 |
_c376775 _d376775 |
||